[Event "Urals-ch"]
[Site "Khanty-Mansiysk"]
[Date "2021.03.13"]
[Round "3"]
[White "Yadigarov, Aivaz"]
[Black "Ryabov, Georgi"]
[Result "1-0"]
[WhiteElo "1958"]
[BlackElo "1751"]
[PlyCount "87"]
[EventDate "2021.03.11"]
[EventType "swiss"]
[EventRounds "9"]
[EventCountry "RUS"]
[SourceTitle "CBM 201 Extra"]
[Source "ChessBase"]
[SourceDate "2021.05.31"]
[SourceVersion "1"]
[SourceVersionDate "2021.05.31"]
[SourceQuality "1"]

1. Nf3 d5 2. d4 Nf6 3. c4 c6 4. Nc3 g6 5. g3 Bg7 6. Bg2 0-0 7. 0-0 h6 8. Re1 Ne4 9. Qb3 e6 10. Ne5 Nxc3 11. bxc3 Nd7 12. Nxd7 Qxd7 13. e4 dxe4 14. Bxe4 Kh7 15. Bf4 Re8 16. Rad1 b6 17. a4 Bb7 18. a5 b5 19. c5 a6 20. Bd6 Bf8 21. Bxf8 Rxf8 22. f4 Qc7 23. Qa2 Rad8 24. h4 h5 25. Ra1 Rfe8 26. Qe2 Rd7 27. Qxh5+ Kg7 28. Qf3 f5 29. Bc2 Rde7 30. Re5 Bc8 31. Kg2 Rh8 32. Bb3 Bd7 33. Qe2 Qc8 34. Rh1 Kh6 35. g4 Qd8 36. g5+ Kg7 37. h5 Rxh5 38. Rxh5 gxh5 39. Rxe6 Bxe6 40. Qe5+ Kh7 41. Bxe6 Qf8 42. Bxf5+ Kg8 43. Be6+ Kh7 44. f5 1-0

[Event "Urals-ch"]
[Site "Khanty-Mansiysk"]
[Date "2021.03.12"]
[Round "2"]
[White "Ryabov, Georgi"]
[Black "Maslov, Marat"]
[Result "0-1"]
[WhiteElo "1751"]
[BlackElo "2018"]
[PlyCount "78"]
[EventDate "2021.03.11"]
[EventType "swiss"]
[EventRounds "9"]
[EventCountry "RUS"]
[SourceTitle "CBM 201 Extra"]
[Source "ChessBase"]
[SourceDate "2021.05.31"]
[SourceVersion "1"]
[SourceVersionDate "2021.05.31"]
[SourceQuality "1"]

1. c4 e6 2. Nc3 f5 3. g3 Nf6 4. Bg2 Be7 5. e3 0-0 6. Nge2 d6 7. 0-0 e5 8. d3 Nbd7 9. Rb1 a5 10. a3 Re8 11. b4 axb4 12. axb4 Nf8 13. Bb2 g5 14. f4 gxf4 15. exf4 Ng6 16. b5 Kh8 17. Nd5 Nxd5 18. Bxd5 Bf6 19. Qd2 c6 20. Bf7 Re7 21. Bxg6 hxg6 22. fxe5 dxe5 23. Qh6+ Rh7 24. Qxg6 cxb5 25. c5 Qf8 26. Rxf5 Bxf5 27. Qxf5 Qxc5+ 28. d4 Qb6 29. Qf2 Rf8 30. Ba3 Be7 31. Qe3 exd4 32. Bb2 Bf6 33. Nxd4 Rd8 34. Rd1 Kg8 35. Kg2 Rhd7 36. Qb3+ Kh8 37. Ne6 Qc6+ 38. Kf2 Rd2+ 39. Ke3 R8d3+ 0-1

[Event "Moscow op-A 17th"]
[Site "Moscow"]
[Date "2021.02.27"]
[Round "8"]
[White "Ryabov, Georgi"]
[Black "Sabirov, Timur"]
[Result "0-1"]
[WhiteElo "1751"]
[BlackElo "2048"]
[PlyCount "48"]
[EventDate "2021.02.20"]
[EventType "swiss"]
[EventRounds "9"]
[EventCountry "RUS"]
[SourceTitle "EXT 2022"]
[Source "ChessBase"]
[SourceDate "2021.10.06"]
[SourceVersion "1"]
[SourceVersionDate "2021.10.06"]
[SourceQuality "1"]

1. c4 e5 2. Nc3 Nc6 3. g3 f5 4. Bg2 Nf6 5. d3 d6 6. e4 g6 7. Nge2 Bg7 8. 0-0 0-0 9. f4 exf4 10. exf5 fxg3 11. Nxg3 gxf5 12. Nxf5 Bxf5 13. Rxf5 Qd7 14. Rg5 Kh8 15. Nd5 Nxd5 16. Bxd5 Qh3 17. Bg2 Qh4 18. Rg3 Rg8 19. Kh1 Bd4 20. Rh3 Qf2 21. Rxh7+ Kxh7 22. Qh5+ Kg7 23. Qh6+ Kf7 24. Bd5+ Ke8 0-1

[Event "Khanty-Mansiysk Governor Cup 15th"]
[Site "Khanty-Mansiysk"]
[Date "2019.11.20"]
[Round "2"]
[White "Ryabov, Georgi"]
[Black "Skatchkov, Valery"]
[Result "0-1"]
[WhiteElo "1887"]
[BlackElo "2309"]
[PlyCount "89"]
[EventDate "2019.11.19"]
[EventType "swiss"]
[EventRounds "9"]
[EventCountry "RUS"]
[SourceTitle "CBM 193 Extra"]
[Source "ChessBase"]
[SourceDate "2020.01.31"]
[SourceVersion "1"]
[SourceVersionDate "2020.01.31"]
[SourceQuality "1"]

1. c4 e5 2. g3 Nf6 3. Bg2 d5 4. cxd5 Nxd5 5. Nc3 Nb6 6. Nf3 Nc6 7. 0-0 Be7 8. d3 0-0 9. a3 Be6 10. b4 a5 11. b5 Nd4 12. Rb1 f6 13. Bb2 a4 14. e3 Nxf3+ 15. Bxf3 Qc8 16. Qe2 Rd8 17. Rfd1 Ra5 18. Bg2 Bg4 19. f3 Bh5 20. Kh1 Bf8 21. Rbc1 Nd5 22. d4 exd4 23. Rxd4 Nb6 24. Ne4 Rxd4 25. Bxd4 Qd7 26. Rb1 Bf7 27. Bxb6 cxb6 28. Nd2 Ra8 29. Nc4 Qc7 30. Bf1 Rc8 31. Rc1 Bxa3 32. Rc2 Bf8 33. e4 Be6 34. Ne3 Qd8 35. Rxc8 Qxc8 36. Nd5 a3 37. Qc4 Bc5 38. Qa2 Kh8 39. Bc4 Qa8 40. Nxb6 Bxc4 41. Nxc4 Qa4 42. Kg2 Qxb5 43. h4 Qa6 44. Kh2 Qe6 45. Kg2 0-1

[Event "RUS-chT U14 final"]
[Site "Sochi"]
[Date "2019.05.05"]
[Round "5.3"]
[White "Ryabov, Georgi"]
[Black "Minachev, Maksim"]
[Result "0-1"]
[WhiteElo "1748"]
[BlackElo "1999"]
[PlyCount "82"]
[EventDate "2019.05.01"]
[EventType "team-tourn"]
[EventRounds "9"]
[EventCountry "RUS"]
[SourceTitle "CBM 190 Extra"]
[Source "ChessBase"]
[SourceDate "2019.07.15"]
[SourceVersion "1"]
[SourceVersionDate "2019.07.15"]
[SourceQuality "1"]

1. c4 Nf6 2. g3 g6 3. Bg2 Bg7 4. Nc3 0-0 5. e3 d6 6. Nge2 c5 7. 0-0 Nc6 8. d3 Bd7 9. Rb1 Qc8 10. a3 Bh3 11. b4 Bxg2 12. Kxg2 b6 13. b5 Na5 14. e4 e6 15. Bg5 h6 16. Bxf6 Bxf6 17. f4 Qb7 18. Kg1 Bd4+ 19. Nxd4 cxd4 20. Ne2 Qc7 21. f5 e5 22. Qd2 Kh7 23. Kh1 Qb7 24. Kg1 Rac8 25. Qb4 Qc7 26. Nc1 Qc5 27. Nb3 Nxb3 28. Rxb3 g5 29. Qxc5 dxc5 30. g4 Kg7 31. Kg2 Kf6 32. h3 Rh8 33. Rbb1 h5 34. Rh1 hxg4 35. hxg4 Rh4 36. Kf3 Rch8 37. Rhg1 Rh2 38. Rg2 R8h3+ 39. Rg3 Rh4 40. Rb3 Rc2 41. a4 Rhh2 0-1

[Event "RUS-chT U14 final"]
[Site "Sochi"]
[Date "2019.05.04"]
[Round "4.3"]
[White "Ryabov, Georgi"]
[Black "Andreev, Aleksei"]
[Result "1/2-1/2"]
[WhiteElo "1748"]
[BlackElo "1727"]
[PlyCount "90"]
[EventDate "2019.05.01"]
[EventType "team-tourn"]
[EventRounds "9"]
[EventCountry "RUS"]
[SourceTitle "CBM 190 Extra"]
[Source "ChessBase"]
[SourceDate "2019.07.15"]
[SourceVersion "1"]
[SourceVersionDate "2019.07.15"]
[SourceQuality "1"]

1. c4 e5 2. g3 Nf6 3. Bg2 c6 4. Nc3 d5 5. cxd5 cxd5 6. d4 exd4 7. Qxd4 Nc6 8. Qd1 d4 9. Ne4 Nxe4 10. Bxe4 Bb4+ 11. Bd2 Qe7 12. Bg2 0-0 13. Nf3 Re8 14. 0-0 Qxe2 15. Bxb4 Nxb4 16. Qa4 Nc2 17. Nxd4 Nxd4 18. Qxd4 Bf5 19. Bxb7 Rab8 20. Bg2 Qxb2 21. Qxa7 Bd3 22. Rfe1 Re2 23. Bf1 Rxe1 24. Rxe1 Bxf1 25. Rxf1 g6 26. Re1 Rd8 27. a4 Qb4 28. Qe7 Qxe7 29. Rxe7 Rd1+ 30. Kg2 Ra1 31. Ra7 Kf8 32. Kf3 Ke8 33. h4 h5 34. Kf4 Ra2 35. f3 Ra3 36. g4 hxg4 37. fxg4 Kf8 38. a5 Kg7 39. Kg5 Rb3 40. h5 Rb5+ 41. Kh4 gxh5 42. gxh5 Rb4+ 43. Kg5 Rb5+ 44. Kg4 Rb4+ 45. Kf3 Rh4 1/2-1/2

[Event "RUS-chT U14 final"]
[Site "Sochi"]
[Date "2019.05.03"]
[Round "3.3"]
[White "Shakhov, Dmitriy"]
[Black "Ryabov, Georgi"]
[Result "0-1"]
[WhiteElo "1677"]
[BlackElo "1748"]
[PlyCount "120"]
[EventDate "2019.05.01"]
[EventType "team-tourn"]
[EventRounds "9"]
[EventCountry "RUS"]
[SourceTitle "CBM 190 Extra"]
[Source "ChessBase"]
[SourceDate "2019.07.15"]
[SourceVersion "1"]
[SourceVersionDate "2019.07.15"]
[SourceQuality "1"]

1. c4 c5 2. Nc3 Nc6 3. Nf3 g6 4. d4 cxd4 5. Nxd4 Bg7 6. e3 Nf6 7. Be2 0-0 8. 0-0 e6 9. Bf3 d5 10. cxd5 Nxd5 11. Nxd5 exd5 12. Nb3 Be6 13. Nc5 Qb6 14. Nxe6 fxe6 15. Rb1 Ne5 16. Be2 Rad8 17. b3 d4 18. exd4 Nc6 19. Bc4 Nxd4 20. Qe1 Kh8 21. Qe4 e5 22. Be3 Qb4 23. a3 Qe7 24. Rbd1 b5 25. Bxd4 bxc4 26. bxc4 Rf4 27. Bc5 Rxd1 28. Qxf4 Rxf1+ 29. Kxf1 Qxc5 30. Qf7 Qxa3 31. Qe8+ Qf8 32. Qa4 Qd8 33. Ke2 e4 34. Qb3 a5 35. Qc2 Qd3+ 36. Qxd3 exd3+ 37. Kxd3 a4 38. c5 a3 39. c6 Be5 40. Kc2 a2 41. c7 Bxc7 42. Kb2 Bxh2 43. Kxa2 Kg7 44. Kb3 Kf6 45. Kc3 Bg1 46. Kd3 Bxf2 47. Ke2 Bc5 48. Kf3 Kf5 49. Kg3 h5 50. Kh2 Kg4 51. Kh1 Bd6 52. Kg1 Kg3 53. Kh1 h4 54. Kg1 g5 55. Kh1 g4 56. Kg1 Be7 57. Kh1 Kf2 58. g3 Bd6 59. Kh2 hxg3+ 60. Kh1 g2# 0-1

[Event "Wch U14"]
[Site "Khanty-Mansiysk"]
[Date "2016.09.28"]
[Round "6"]
[White "Hsu, Hsuan Ming"]
[Black "Ryabov, Georgi"]
[Result "1-0"]
[WhiteElo "1727"]
[BlackElo "1572"]
[PlyCount "77"]
[EventDate "2016.09.22"]
[EventType "swiss"]
[EventRounds "11"]
[EventCountry "RUS"]
[SourceTitle "EXT 2017"]
[Source "ChessBase"]
[SourceDate "2016.10.25"]
[SourceVersion "1"]
[SourceVersionDate "2016.10.25"]
[SourceQuality "1"]

1. e4 d6 2. d4 Nf6 3. Nc3 g6 4. f3 Bg7 5. Be3 0-0 6. Qd2 c6 7. Nge2 Nbd7 8. Bh6 Re8 9. h4 Bh8 10. 0-0-0 e5 11. dxe5 dxe5 12. g4 Qe7 13. Ng3 Nb6 14. Bd3 Be6 15. Nf5 Bxf5 16. gxf5 Nh5 17. Rdg1 Bg7 18. Ne2 Rad8 19. Bxg7 Kxg7 20. Ng3 Nxg3 21. Rxg3 Kh8 22. fxg6 fxg6 23. h5 g5 24. Qxg5 Qxg5+ 25. Rxg5 Nd7 26. Kd2 Nc5 27. Ke3 Nxd3 28. cxd3 c5 29. Rhg1 Re7 30. R1g3 Rf8 31. Rg1 Rd8 32. f4 exf4+ 33. Kxf4 b6 34. Rd5 Rf7+ 35. Ke3 Rxd5 36. exd5 Rg7 37. Rxg7 Kxg7 38. Kf4 Kh6 39. d6 1-0